000 01206nam a2200313 i 4500
003 EG-GICUC
005 20260121101722.0
008 260113s1947 ua ||||fr|||| 001 0 ara d
040 _a EG-GICUC
_bara
_c EG-GICUC
_d EG-GICUC
_erda
041 _aara
082 0 4 _a343.425
_bر ي . ح
_221
092 0 4 _221
099 _aLaw1 10 343.425 ر ي . ح 1947 1006350
100 0 _aرياض شمس.
_eمؤلف.
245 1 0 _aحرية الرأي وجرائم الصحافة والنشر.
_nالجزء الثاني /
_cتأليف الدكتور رياض شمس.
264 1 _aالقاهرة :
_bمطبعة دار الكتب المصرية،
_c1947.
300 _a719 صفحة ؛
_c24 سم.
336 _2rda content
_atext
337 _2rda media
_aComputer
338 _2rda carrier
_aOnline Resource
504 _aيشتمل على ارجاعات ببليوجرافية.
546 _aالنص باللغة العربية
650 1 _aالتشريعات المتعلقة بالصحافة.
_2qrmak
650 1 _aالتشريعات الجنائية الخاصة.
_2qrmak
651 1 _2qrmak
856 4 0 _uhttps://fll.law.cu.edu.eg/fulltext/bks/B10-06350.pdf
905 _a18
942 _2ddc
_n0
_cBK
_e21
999 _c56724
_d56724